Fly and the fly-bottle ; encounters with British intellectuals.

Bibliographic Details
Main Author: Mehta, Ved, 1934-2021
Format: Book
Language:English
Published: Boston : Little, Brown, [1962]
Edition:[1st ed.].
Subjects:

MARC

Tag First Indicator Second Indicator Subfields
LEADER 00000cam a2200000 4500
001 in00000056389
005 20210515063757.0
008 761216s1962 xx 00000 eng
010 |a  63012097  
035 |a (OCoLC)02628711 
035 |9 AAF7106AM 
040 |a DLC  |c OHI  |d TXA  |d UtOrBLW 
049 |a TXAM  |c [360548] 
050 0 0 |a B1111  |b .M4 
082 0 |a 192 
092 |a 192  |b M498f 
100 1 |a Mehta, Ved,  |d 1934-2021. 
245 1 0 |a Fly and the fly-bottle ;  |b encounters with British intellectuals. 
250 |a [1st ed.]. 
264 1 |a Boston :  |b Little, Brown,  |c [1962] 
300 |a 269 pages ;  |c 21 cm. 
336 |a text  |b txt  |2 rdacontent 
337 |a unmediated  |b n  |2 rdamedia 
338 |a volume  |b nc  |2 rdacarrier 
650 0 |a Philosophers  |z Great Britain. 
650 0 |a Historians  |z Great Britain. 
999 |a MARS 
999 f f |s f4ffe21f-4079-3a20-854a-51efdc65591e  |i 0034adad-f1e9-3a06-97d1-0e5ddffe40a1  |t 0 
952 f f |p ric  |a Texas A&M University  |b Rellis Campus  |c Joint Library Facility  |d Remote Storage  |t 0  |e B1111 .M4  |h Library of Congress classification  |i unmediated -- volume  |m A14800542499 
998 f f |a B1111 .M4  |t 0  |l Remote Storage